000 00669nam a2200229 i 4500
001 C2-0135357
003 PPAK
005 20180727123955.0
008 971209s1982 enka|||| ||||| | eng d
020 _a0861340493
040 _aPPAK
_beng
_cPPAK
_erda
082 0 4 _a910.9
_223
090 0 0 _a910.9
_bNEW
_dR
100 1 _aNewby, Eric,
_eauthor
245 1 4 _aThe world atlas of exploration :
_ba 4,000 year journey in the company of heroes
264 1 _aLondon :
_bArtist House ,
_c1982
300 _a288 pages :
_bcolour illustrations ;
_c30 cm
336 _2rdacontent
_atext
337 _2rdamedia
_aunmediated
338 _2rdacarrier
_avolume
942 _ddc
_cB
999 _c42640
_d42640